| 000 | 00339nam a22001097a 4500 | ||
|---|---|---|---|
| 082 | _a662.6 INS'T | ||
| 100 |
_aINSTITUTE OF PETROLEUM _975018 |
||
| 245 | _aIP STANDARDS FOR PETROLEUM AND ITS PRODUCTS PART-2 SECTION-1 MANUAL FOR RATING FUELS BY ITS RESEARCH AND MOTOR METHODS | ||
| 260 |
_aLONDON _bIP _c1969 |
||
| 300 | _a191P | ||
| 942 | _cBK | ||
| 999 |
_c580515 _d580515 |
||